Patenty a priemyselné práva bakalárska práca
Enregistré dans:
| Auteur principal: | |
|---|---|
| Collectivité auteur: | |
| Autres auteurs: | |
| Format: | Livre |
| Langue: | slovaque |
| Publié: |
Bratislava
2011
|
| Tags: |
Pas de tags, Soyez le premier à ajouter un tag!
|
MARC
| LEADER | 00000nbm a2200000 4500 | ||
|---|---|---|---|
| 001 | 0132039 | ||
| 005 | 20161109111427.9 | ||
| 041 | 0 | |a slo | |
| 044 | |a SK | ||
| 245 | 1 | 0 | |a Patenty a priemyselné práva |b bakalárska práca |c Matúš Krejza ; školiteľ: Milan Borodovčák |
| 264 | 1 | |a Bratislava |c 2011 | |
| 300 | |a 55 s. | ||
| 100 | 1 | |a Krejza, Matúš | |
| 700 | 1 | |a Borodovčák, Milan | |
| 710 | 2 | |a Obchodná fakulta EU. Katedra obchodného práva | |